Ο δύτης / (Record no. 10090)
[ view plain ]
| 000 -LEADER | |
|---|---|
| fixed length control field | 01074nam a22002177a 4500 |
| 003 - ΤΑΥΤΟΤΗΤΑ ΤΟΥ ΑΡΙΘΜΟΥ ΕΛΕΓΧΟΥ | |
| Πεδίο ελέγχου | GR-AtMCL |
| 005 - ΗΜΕΡΟΜΗΝΙΑ ΚΑΙ ΩΡΑ ΤΕΛΕΥΤΑΙΑΣ ΕΝΗΜΕΡΩΣΗΣ | |
| Πεδίο ελέγχου | 20260128145226.0 |
| 006 - FIXED-LENGTH DATA ELEMENTS--ADDITIONAL MATERIAL CHARACTERISTICS | |
| Πεδίο ελέγχου σταθερού μήκους | a|||||r||||||||||| |
| 008 - FIXED-LENGTH DATA ELEMENTS--GENERAL INFORMATION | |
| Πεδίο ελέγχου σταθερού μήκους | s202506 gr |||||||||||||||||gre|d |
| 020 ## - ISBN | |
| ISBN | 9786180344547 |
| 040 ## - ΠΗΓΗ ΚΑΤΑΛΟΓΟΓΡΑΦΗΣΗΣ | |
| Φορέας πρωτότυπης καταλογογράφησης | MC Athens Campus Library |
| Γλώσσα καταλογογράφησης | Ελληνικά, Μοντέρνα (1453-) |
| Modifying agency | MC Athens Campus Library |
| 100 ## - MAIN ENTRY--PERSONAL NAME | |
| Personal name | Ευσταθιάδης, Μίνως |
| 9 (RLIN) | 10312 |
| 245 12 - ΤΙΤΛΟΣ ΚΑΙ ΔΗΛΩΣΗ ΥΠΕΥΘΥΝΟΤΗΤΑΣ | |
| Τίτλος | Ο δύτης / |
| Statement of responsibility, etc. | Μίνως Ευσταθιάδης |
| 250 ## - EDITION STATEMENT | |
| Edition statement | 1η έκδ. |
| 264 #1 - PRODUCTION, PUBLICATION, DISTRIBUTION, MANUFACTURE, AND COPYRIGHT NOTICE | |
| Place of production, publication, distribution, manufacture | Αθήνα : |
| Name of producer, publisher, distributor, manufacturer | Μεταίχμιο, |
| Date of production, publication, distribution, manufacture, or copyright notice | 2025 |
| 300 ## - PHYSICAL DESCRIPTION | |
| Extent | 253 σ.; |
| Διαστάσεις | 21 εκ. |
| 520 ## - SUMMARY, ETC. | |
| Summary, etc. | Μια περιπλάνηση που αρχίζει από το νυχτερινό Αμβούργο για να καταλήξει στον βυθό της ελληνικής θάλασσας. Η αλυσίδα διαδοχικών αυτοκτονιών και ανεξήγητων θανάτων περιστρέφεται γύρω από μια ταινία διάρκειας λίγων λεπτών. Μέσα της ξαναζωντανεύει «Ο Δύτης». |
| 653 ## - INDEX TERM--UNCONTROLLED | |
| Μη ελεγχόμενοι όροι | Λογοτεχνία |
| 942 ## - ADDED ENTRY ELEMENTS (KOHA) | |
| Koha item type | Books |
| Τύπος τεκμηρίου | Βιβλιοθήκη | Τρέχουσα τοποθεσία | Barcode | Αριθμός εισαγωγής | Ημερομηνία απόκτησης | Ταξιθετικό σύμβολο | Αριθμός αντιτύπου | Κατάσταση απόσυρσης | Κατάσταση χαμένου | Κατάσταση κατεστραμμένου | Μη δανεισμός | Σύνολο δανεισμών | Ημερομηνία τελευταίας εμφάνισης | Η τιμή ισχύει από |
|---|---|---|---|---|---|---|---|---|---|---|---|---|---|---|
| Books | MC Athens Campus Library | MC Athens Campus Library | 9780000100979 | 8280 | 28/01/2026 | 889.38 ΕΥΣ | 1 | 28/01/2026 | 28/01/2026 |